Charting the end times / (Record no. 11155)

MARC details
000 -LEADER
fixed length control field 01723cam a22003974a 4500
001 - CONTROL NUMBER
control field 12361643
003 - CONTROL NUMBER IDENTIFIER
control field GBCCL
005 - DATE AND TIME OF LATEST TRANSACTION
control field 20260304113953.0
008 - FIXED-LENGTH DATA ELEMENTS--GENERAL INFORMATION
fixed length control field 010328s2001 oruab b 001 0 eng
020 ## - INTERNATIONAL STANDARD BOOK NUMBER
International Standard Book Number 0736901388
020 ## - INTERNATIONAL STANDARD BOOK NUMBER
International Standard Book Number 9780736901383
035 ## - SYSTEM CONTROL NUMBER
System control number 12361643
040 ## - CATALOGING SOURCE
Original cataloging agency DLC
Transcribing agency DLC
Modifying agency DLC
082 00 - DEWEY DECIMAL CLASSIFICATION NUMBER
Classification number 236.9
Edition information 21
Item number LAH 1
100 1# - MAIN ENTRY--PERSONAL NAME
Personal name LaHaye, Tim,
Dates associated with a name 1926-2016.
245 10 - TITLE STATEMENT
Title Charting the end times /
Statement of responsibility, etc. Tim LaHaye, Thomas Ice.
260 ## - PUBLICATION, DISTRIBUTION, ETC.
Place of publication, distribution, etc. Eugene, OR :
Name of publisher, distributor, etc. Harvest House Publishers,
Date of publication, distribution, etc. c2001.
300 ## - PHYSICAL DESCRIPTION
Extent 141 p. :
Other physical details col. ill., col. maps ;
Dimensions 25 cm.
336 ## - CONTENT TYPE
Content type term text
Content type code txt
Source rdacontent
337 ## - MEDIA TYPE
Media type term unmediated
Media type code n
Source rdamedia
338 ## - CARRIER TYPE
Carrier type term volume
Carrier type code nc
Source rdacarrier
490 1# - SERIES STATEMENT
Series statement Tim LaHaye prophecy library
500 ## - GENERAL NOTE
General note Includes 1 folded chart in front of book.
504 ## - BIBLIOGRAPHY, ETC. NOTE
Bibliography, etc. note Includes bibliographical references and indexes.
630 00 - SUBJECT ADDED ENTRY--UNIFORM TITLE
Uniform title Bible
General subdivision Prophecies
-- End of the world.
630 00 - SUBJECT ADDED ENTRY--UNIFORM TITLE
Uniform title Bible
General subdivision Prophecies
-- End of the world
Form subdivision Charts, diagrams, etc.
650 #0 - SUBJECT ADDED ENTRY--TOPICAL TERM
Topical term or geographic name entry element End of the world
General subdivision Biblical teaching.
650 #0 - SUBJECT ADDED ENTRY--TOPICAL TERM
Topical term or geographic name entry element End of the world
General subdivision Biblical teaching
Form subdivision Charts, diagrams, etc.
700 1# - ADDED ENTRY--PERSONAL NAME
Personal name Ice, Thomas.
856 42 - ELECTRONIC LOCATION AND ACCESS
Materials specified Publisher description
Uniform Resource Identifier <a href="http://www.loc.gov/catdir/enhancements/fy0714/2001024465-d.html">http://www.loc.gov/catdir/enhancements/fy0714/2001024465-d.html</a>
856 42 - ELECTRONIC LOCATION AND ACCESS
Materials specified Contributor biographical information
Uniform Resource Identifier <a href="https://www.loc.gov/catdir/enhancements/fy1612/2001024465-b.html">https://www.loc.gov/catdir/enhancements/fy1612/2001024465-b.html</a>
906 ## - LOCAL DATA ELEMENT F, LDF (RLIN)
a 7
b cbc
c orignew
d 1
e ocip
f 20
g y-gencatlg
942 ## - ADDED ENTRY ELEMENTS (KOHA)
Source of classification or shelving scheme Dewey Decimal Classification
Koha item type Books
Suppress in OPAC No
Holdings
Withdrawn status Lost status Source of classification or shelving scheme Damaged status Not for loan Home library Current Library Shelving location Date acquired Total checkouts Full call number Barcode Date last seen Copy number Price effective from Koha item type
    Dewey Decimal Classification     GRACE BIBLE COLLEGE GRACE BIBLE COLLEGE Theology 2026-03-04   236.9 LAH 017441 2026-03-04 c.1 2026-03-04 Books
© Grace Bible College Library 2025